[Event "FIDE World Youth U16 Chess Olympiad SLOVAKIA 2016"]
[Site "Poprad Tatry SLOVAKIA"]
[Date "2016.07.23"]
[Round "3"]
[Board "2"]
[White "Olsen, Filip Boe"]
[Black "Woong, Zhi Wei William"]
[Result "1-0"]
[WhiteElo "2263"]
[BlackElo "2008"]
[PlyCount "149"]
[EventDate "2016.07.22"]
[EventType "team"]
[EventRounds "9"]
[EventCountry "SVK"]
[WhiteTeam "Denmark"]
[BlackTeam "Singapore"]

1. d4 d5 2. Nf3 e6 3. Bf4 Nf6 4. e3 Be7 5. h3 O-O 6. Bd3 b6 7. O-O Bb7 8. Nbd2
Nbd7 9. c3 Ne4 10. Qc2 f5 11. c4 c5 12. cxd5 exd5 13. dxc5 bxc5 14. Rfd1 Ndf6
15. Be5 Qb6 16. b3 Rfd8 17. b4 c4 18. Bxe4 fxe4 19. Nd4 Rac8 20. a3 Nd7 21. Bg3
Bf6 22. Nb1 Be5 23. Bh4 Bf6 24. Bxf6 Qxf6 25. Nc3 Ne5 26. Rf1 Qh6 27. Nce2 Rf8
28. Nf4 Rf6 29. Qd1 g5 30. Nh5 Rf7 31. g4 Nf3+ 32. Kg2 Qd6 33. Ng3 Rcf8 34.
Ndf5 Nh4+ 35. Kg1 Nxf5 36. Nxf5 Qf6 37. Qd4 Bc8 38. Qxf6 Rxf6 39. Ne7+ Kg7 40.
Nxd5 Rh6 41. Kg2 Rf3 42. Rh1 Rd6 43. Rad1 Bb7 44. Ne7 Rd3 45. Nf5+ Kf8 46. Nd6
Bd5 47. Nb5 Rf6 48. Nc3 Bb7 49. Rc1 Rd2 50. Rhf1 Rf3 51. Rcd1 Rd3 52. Rxd3 exd3
53. e4 Rf6 54. Rd1 Ke7 55. f3 Ke6 56. Kf2 Ke5 57. Ke3 h5 58. gxh5 Rh6 59. Rg1
Kf6 60. Rg3 Rxh5 61. Kd4 Bc8 62. Kxc4 Rxh3 63. Rxh3 Bxh3 64. Kxd3 Ke5 65. Ke3
Bf1 66. Nd1 Bc4 67. Nb2 Bf1 68. Nd3+ Kd6 69. Kd4 Be2 70. Ke3 Bf1 71. f4 g4 72.
Ne1 Ke6 73. Kf2 Bb5 74. Kg3 Bc6 75. Nd3 1-0

[Event "FIDE World Youth U16 Chess Olympiad SLOVAKIA 2016"]
[Site "Poprad Tatry SLOVAKIA"]
[Date "2016.07.23"]
[Round "3"]
[Board "3"]
[White "Lau, Ende Matthew"]
[Black "Moller, Sophus Mechlenburg"]
[Result "1-0"]
[WhiteElo "1880"]
[BlackElo "2142"]
[PlyCount "65"]
[EventDate "2016.07.22"]
[EventType "team"]
[EventRounds "9"]
[EventCountry "SVK"]
[WhiteTeam "Singapore"]
[BlackTeam "Denmark"]

1. e4 c5 2. Nc3 Nc6 3. Nge2 g6 4. g3 Bg7 5. Bg2 Nf6 6. O-O O-O 7. f4 d6 8. d3
Rb8 9. a4 Bd7 10. h3 Ne8 11. f5 e6 12. g4 Qc8 13. Ng3 Nd4 14. Bg5 f6 15. Be3
Nc7 16. fxg6 hxg6 17. Qd2 Bc6 18. Nce2 Nxe2+ 19. Qxe2 b6 20. h4 Qd7 21. a5 bxa5
22. Rxa5 Rxb2 23. Bc1 Rb7 24. g5 fxg5 25. Rxf8+ Kxf8 26. Bxg5 Qf7 27. h5 Nb5
28. Qg4 gxh5 29. Nxh5 Be5 30. Bf4 Bxf4 31. Nxf4 Nd4 32. c3 Qxf4 33. Qxf4+ 1-0

[Event "FIDE World Youth U16 Chess Olympiad SLOVAKIA 2016"]
[Site "Poprad Tatry SLOVAKIA"]
[Date "2016.07.23"]
[Round "3"]
[Board "4"]
[White "Nilssen, Ellen Fredericia"]
[Black "Lee, Jun Wei"]
[Result "0-1"]
[WhiteElo "1881"]
[BlackElo "1856"]
[PlyCount "92"]
[EventDate "2016.07.22"]
[EventType "team"]
[EventRounds "9"]
[EventCountry "SVK"]
[WhiteTeam "Denmark"]
[BlackTeam "Singapore"]

1. d4 e6 2. c4 b6 3. Nc3 Bb7 4. Nf3 f5 5. Qc2 Nf6 6. Bf4 Bb4 7. h3 Bxc3+ 8.
Qxc3 Ne4 9. Qc2 d6 10. e3 Nd7 11. Bd3 Ndf6 12. O-O-O h6 13. Ne1 g6 14. f3 Ng5
15. Rg1 Qe7 16. h4 Nf7 17. Bh2 e5 18. d5 h5 19. e4 f4 20. g3 fxg3 21. Rxg3 Rg8
22. Qg2 Nh8 23. Qh3 Bc8 24. Qg2 Nd7 25. Rg5 Rf8 26. Nc2 Nf6 27. f4 Ng4 28. fxe5
dxe5 29. Rf1 Rxf1+ 30. Bxf1 Qf6 31. Be2 Nf7 32. Bxg4 Bxg4 33. Rxg4 hxg4 34. Ne3
Qxh4 35. Nxg4 Qg5+ 36. Kc2 Nh6 37. Qh3 Qxg4 38. Qxh6 Qxe4+ 39. Kd1 O-O-O 40.
Qh3+ Kb7 41. Qg3 Qxc4 42. b3 Rxd5+ 43. Ke1 Qe4+ 44. Kf1 Rd1+ 45. Kf2 Rd2+ 46.
Kg1 Qb1+ 0-1

[Event "FIDE World Youth U16 Chess Olympiad SLOVAKIA 2016"]
[Site "Poprad Tatry SLOVAKIA"]
[Date "2016.07.23"]
[Round "3"]
[Board "1"]
[White "Duong, Yisam"]
[Black "Gorodetzky, David"]
[Result "0-1"]
[WhiteElo "1948"]
[BlackElo "2331"]
[PlyCount "90"]
[EventDate "2016.07.22"]
[EventType "team"]
[EventRounds "9"]
[EventCountry "SVK"]
[WhiteTeam "Switzerland"]
[BlackTeam "Israel Rehovot Chess School"]

1. e4 e6 2. d4 d5 3. Nc3 Nf6 4. Bg5 dxe4 5. Nxe4 Nbd7 6. Bxf6 Nxf6 7. Nxf6+
Qxf6 8. Nf3 Bd6 9. Bd3 c5 10. Bb5+ Ke7 11. dxc5 Bxc5 12. c3 a6 13. Bd3 Rd8 14.
Qc2 b5 15. O-O Ra7 16. Rfe1 Rc7 17. Rad1 g6 18. a4 Bd7 19. axb5 axb5 20. Be4
Kf8 21. Qd2 Kg7 22. Qe2 b4 23. Rc1 Rdc8 24. c4 Be8 25. b3 Ra7 26. Rcd1 Ra3 27.
Rd3 Ra1 28. h4 Rc7 29. Rxa1 Qxa1+ 30. Rd1 Qf6 31. g3 Ra7 32. Qd2 Rd7 33. Qe2
Qc3 34. Rxd7 Bxd7 35. Bc2 f6 36. Qe4 Kf7 37. h5 Ke7 38. h6 Qb2 39. Ne1 Qc1 40.
Kg2 Qxh6 41. Nd3 Kd6 42. Qe1 e5 43. Nxb4 Qh3+ 44. Kf3 Bg4+ 45. Ke4 Qg2+ 0-1

[Event "FIDE World Youth U16 Chess Olympiad SLOVAKIA 2016"]
[Site "Poprad Tatry SLOVAKIA"]
[Date "2016.07.23"]
[Round "3"]
[Board "2"]
[White "Parkhov, Yair"]
[Black "Giesinger, Elias"]
[Result "0-1"]
[WhiteElo "2162"]
[BlackElo "2051"]
[PlyCount "260"]
[EventDate "2016.07.22"]
[EventType "team"]
[EventRounds "9"]
[EventCountry "SVK"]
[WhiteTeam "Israel Rehovot Chess School"]
[BlackTeam "Switzerland"]

1. d4 Nf6 2. c4 e6 3. Nf3 d5 4. g3 dxc4 5. Bg2 a6 6. O-O Nc6 7. Qc2 Nxd4 8.
Nxd4 Qxd4 9. Rd1 Qb6 10. Nd2 Bc5 11. Nxc4 Qa7 12. e3 O-O 13. a3 Bd7 14. b4 Be7
15. Ne5 Bd6 16. Bb2 Rac8 17. Rac1 Rfd8 18. Bd4 Qb8 19. Nc4 Be7 20. Na5 Nd5 21.
e4 Nb6 22. Qb2 Bf8 23. Be5 f6 24. Bd4 e5 25. Qa2+ Kh8 26. Be3 Be8 27. Bf3 Bd6
28. h4 Nd7 29. Rd2 Nf8 30. Kg2 Bd7 31. Rcd1 Be6 32. Qc2 Rd7 33. Be2 Rcd8 34.
Bc4 Qc8 35. Bxe6 Nxe6 36. Qc4 Nf8 37. f3 c6 38. Nb3 h6 39. Qc3 Be7 40. Na5 Ne6
41. h5 Ng5 42. Bxg5 hxg5 43. g4 Qc7 44. Kh3 Rxd2 45. Rxd2 Rxd2 46. Qxd2 b6 47.
Nc4 Qd8 48. Qa2 c5 49. Kg2 b5 50. Ne3 cxb4 51. axb4 Bxb4 52. Nd5 a5 53. Nxb4
axb4 54. Qb3 Qd2+ 55. Kg3 Qe1+ 56. Kg2 Qe2+ 57. Kg3 Qc4 58. Qd1 b3 59. Qd8+ Kh7
60. Qe8 b2 61. Qg6+ Kh8 62. Qe8+ Kh7 63. Qg6+ Kh8 64. Qe8+ Qg8 65. Qxb5 g6 66.
Qxb2 gxh5 67. gxh5 Qe8 68. Qb6 Qe7 69. Qb8+ Kg7 70. Qc8 Qf7 71. Kg4 Kh7 72. Kf5
Qxh5 73. Qd7+ Kh6 74. Kxf6 Qxf3+ 75. Kxe5 Qf4+ 76. Kd5 Qd2+ 77. Kc6 Qc2+ 78.
Kb5 Qxe4 79. Ka6 g4 80. Qd2+ Kh5 81. Qh2+ Kg5 82. Qd2+ Kf5 83. Qf2+ Qf3 84.
Qc5+ Kf4 85. Qd6+ Ke3 86. Qc5+ Ke2 87. Qe5+ Kf1 88. Qa1+ Kf2 89. Qd4+ Kg2 90.
Qd2+ Kg1 91. Qd4+ Kh1 92. Qa1+ Kg2 93. Qa2+ Qf2 94. Qd5+ Kg1 95. Ka5 g3 96.
Qd1+ Kh2 97. Qh5+ Kg2 98. Qd5+ Qf3 99. Qd2+ Kh1 100. Qc1+ Kh2 101. Qd2+ g2 102.
Qh6+ Qh3 103. Qf4+ Kh1 104. Qe4 Qg3 105. Qd5 Qf2 106. Qh5+ Kg1 107. Qd1+ Kh2
108. Qd6+ Qg3 109. Qh6+ Qh3 110. Qf4+ Kh1 111. Qe4 Qh5+ 112. Ka4 Kh2 113. Qf4+
Kh3 114. Qe3+ Kh2 115. Qf4+ Kg1 116. Qe3+ Kh1 117. Qe4 Qh6 118. Ka5 Qg5+ 119.
Ka6 Kh2 120. Qh7+ Kg3 121. Qd3+ Kh4 122. Qd4+ Kh5 123. Qd1+ Kh6 124. Qg1 Kg6
125. Kb6 Kg7 126. Ka6 Kg8 127. Ka7 Qg7+ 128. Ka8 Qf8+ 129. Kb7 Qf1 130. Qd4
g1=Q 0-1

[Event "FIDE World Youth U16 Chess Olympiad SLOVAKIA 2016"]
[Site "Poprad Tatry SLOVAKIA"]
[Date "2016.07.23"]
[Round "3"]
[Board "3"]
[White "Stijve, Theo"]
[Black "Gorodetzky, Matan"]
[Result "0-1"]
[WhiteElo "2081"]
[BlackElo "2127"]
[PlyCount "168"]
[EventDate "2016.07.22"]
[EventType "team"]
[EventRounds "9"]
[EventCountry "SVK"]
[WhiteTeam "Switzerland"]
[BlackTeam "Israel Rehovot Chess School"]

1. e4 e6 2. d4 d5 3. Nc3 Nf6 4. Bg5 dxe4 5. Nxe4 Nbd7 6. Nf3 h6 7. Bxf6 Nxf6 8.
Bd3 b6 9. Nxf6+ gxf6 10. Be4 Rb8 11. Qe2 Be7 12. O-O-O Qd6 13. d5 f5 14. Bd3
Qf4+ 15. Kb1 O-O 16. g3 Qb4 17. Ne5 Bf6 18. g4 exd5 19. gxf5 Re8 20. c3 Qf4 21.
Qg4+ Qxg4 22. Nxg4 Bg7 23. Rhg1 Kf8 24. Bb5 Bxf5+ 25. Ka1 Red8 26. Ne3 Be6 27.
Rd2 Rd6 28. Nc2 c5 29. f4 Rbd8 30. a4 d4 31. Rgd1 Bb3 32. Kb1 Ke7 33. Re1+ Re6
34. Rg1 Bf6 35. cxd4 Re4 36. Rdd1 Bxc2+ 37. Kxc2 Rdxd4 38. Rge1 Rxe1 39. Rxe1+
Kd6 40. Rd1 Rxd1 41. Kxd1 Bxb2 42. Kc2 Bd4 43. Kd3 Bg1 44. h3 f5 45. Bc4 Bd4
46. Kd2 Ke7 47. Ke2 Kf6 48. Kf3 Bb2 49. Kf2 Bc1 50. Kf3 h5 51. Kg3 h4+ 52. Kf3
Bd2 53. Bd3 Ke6 54. Bc4+ Kd6 55. Bb3 Kc6 56. Bc4 Kb7 57. Bd3 a6 58. Bxf5 b5 59.
axb5 axb5 60. Bb1 Kc6 61. Ke4 c4 62. f5 Bc3 63. Ke3 b4 64. f6 Bxf6 65. Kd2 Kc5
66. Bf5 Bg5+ 67. Kc2 Kd4 68. Kb2 Bd2 69. Kc2 Be1 70. Bg6 Bg3 71. Bf5 Be5 72.
Be6 Bf6 73. Bf7 Bg5 74. Bg8 Kc5 75. Bf7 b3+ 76. Kb1 Kb4 77. Bg6 Kc3 78. Bf7 Kb4
79. Bg6 c3 80. Bf5 Kc5 81. Bg6 Kd4 82. Bf5 Ke3 83. Be6 c2+ 84. Kb2 Kd2 0-1

[Event "FIDE World Youth U16 Chess Olympiad SLOVAKIA 2016"]
[Site "Poprad Tatry SLOVAKIA"]
[Date "2016.07.23"]
[Round "3"]
[Board "4"]
[White "Katkov, Michelle"]
[Black "Tamrazyan, Gohar"]
[Result "1-0"]
[WhiteElo "1612"]
[BlackElo "1651"]
[PlyCount "47"]
[EventDate "2016.07.22"]
[EventType "team"]
[EventRounds "9"]
[EventCountry "SVK"]
[WhiteTeam "Israel Rehovot Chess School"]
[BlackTeam "Switzerland"]

1. e4 e6 2. d4 d5 3. exd5 exd5 4. c4 dxc4 5. Bxc4 Bb4+ 6. Nc3 Nf6 7. Nf3 O-O 8.
O-O Bg4 9. h3 Bxf3 10. Qxf3 Nc6 11. Bg5 Qxd4 12. Bxf6 gxf6 13. Bd3 Ne5 14. Qxf6
Bxc3 15. bxc3 Qxc3 16. Rae1 Rfe8 17. Re3 Qc6 18. Qg5+ Kh8 19. Rg3 Ng6 20. Bb5
Qd6 21. Bxe8 Rxe8 22. h4 Qe5 23. Re3 Qxe3 24. fxe3 1-0

[Event "FIDE World Youth U16 Chess Olympiad SLOVAKIA 2016"]
[Site "Poprad Tatry SLOVAKIA"]
[Date "2016.07.23"]
[Round "3"]
[Board "1"]
[White "Walter, Szymon"]
[Black "Gluckman, Paul"]
[Result "1-0"]
[WhiteElo "2206"]
[BlackElo "1923"]
[PlyCount "41"]
[EventDate "2016.07.22"]
[EventType "team"]
[EventRounds "9"]
[EventCountry "SVK"]
[WhiteTeam "Poland 1"]
[BlackTeam "South Africa 1"]

1. e4 c5 2. Nf3 e6 3. d4 cxd4 4. Nxd4 Nf6 5. Nc3 d6 6. g4 h6 7. Bg2 Be7 8. Be3
a6 9. Qe2 Qc7 10. f4 Nfd7 11. O-O-O Nc6 12. h4 Rb8 13. g5 Nxd4 14. Bxd4 e5 15.
Nd5 Qd8 16. Bc3 b5 17. Qd2 Bb7 18. Ba5 Qc8 19. Nxe7 Kxe7 20. Qxd6+ Ke8 21. Bh3
 1-0

[Event "FIDE World Youth U16 Chess Olympiad SLOVAKIA 2016"]
[Site "Poprad Tatry SLOVAKIA"]
[Date "2016.07.23"]
[Round "3"]
[Board "2"]
[White "De Jager, Luan"]
[Black "Garbowski, Jakub"]
[Result "1/2-1/2"]
[WhiteElo "1766"]
[BlackElo "2102"]
[PlyCount "132"]
[EventDate "2016.07.22"]
[EventType "team"]
[EventRounds "9"]
[EventCountry "SVK"]
[WhiteTeam "South Africa 1"]
[BlackTeam "Poland 1"]

1. e4 e5 2. Nf3 Nc6 3. Bb5 a6 4. Ba4 Nf6 5. d4 exd4 6. O-O Be7 7. Re1 b5 8. Bb3
d6 9. Bd5 Nxd5 10. exd5 Ne5 11. Nxd4 O-O 12. Nc3 Bd7 13. b3 Re8 14. Bb2 Bf8 15.
Qd2 Qf6 16. Ne4 Qg6 17. Qf4 Re7 18. h3 Bxh3 19. Ng3 Bd7 20. Ngf5 Ree8 21. Re3
Qf6 22. Rg3 Kh8 23. Qg5 Qxg5 24. Rxg5 f6 25. Rg3 g6 26. Nh4 Bg7 27. Re1 f5 28.
Rge3 Ng4 29. Rxe8+ Rxe8 30. Rxe8+ Bxe8 31. Nhf3 Bd7 32. Bc1 Kg8 33. Bg5 Bf6 34.
Kf1 h6 35. Bd2 Kf7 36. Ba5 Bd8 37. c4 bxc4 38. bxc4 Ke8 39. Nb3 Ba4 40. Nfd4
Bxb3 41. Nxb3 Ne5 42. c5 Nd3 43. cxd6 cxd6 44. Bd2 Bg5 45. Ke2 Nc5 46. Nxc5
dxc5 47. f4 Be7 48. Kd3 Kd7 49. Kc4 g5 50. Be3 g4 51. g3 h5 52. Bf2 Bd6 53. Be3
h4 54. gxh4 g3 55. h5 g2 56. Kd3 c4+ 57. Kxc4 Bxf4 58. Bg1 Bc1 59. Kd3 Kd6 60.
Ke2 Kxd5 61. Kf3 Kc4 62. Kxg2 Kb4 63. Kf3 Bh6 64. Be3 Bg7 65. Kf4 Bh6+ 66. Kf3
Bg7 1/2-1/2

[Event "FIDE World Youth U16 Chess Olympiad SLOVAKIA 2016"]
[Site "Poprad Tatry SLOVAKIA"]
[Date "2016.07.23"]
[Round "3"]
[Board "3"]
[White "Antolak, Julia"]
[Black "Agulhas, Keegan"]
[Result "1-0"]
[WhiteElo "2059"]
[BlackElo "1716"]
[PlyCount "69"]
[EventDate "2016.07.22"]
[EventType "team"]
[EventRounds "9"]
[EventCountry "SVK"]
[WhiteTeam "Poland 1"]
[BlackTeam "South Africa 1"]

1. e4 c5 2. Nf3 e6 3. d4 cxd4 4. Nxd4 a6 5. Bd3 Nf6 6. O-O Qc7 7. Qe2 d6 8. f4
g6 9. Nc3 Bg7 10. e5 dxe5 11. Ndb5 axb5 12. Nxb5 Qe7 13. fxe5 O-O 14. exf6 Bxf6
15. c3 Nc6 16. Be3 Rd8 17. b4 Be5 18. g3 f5 19. Rad1 Qg7 20. Bc4 Bxc3 21. Nxc3
Qxc3 22. b5 Rxd1 23. Rxd1 Ne5 24. Bb3 Kf7 25. Rc1 Qb4 26. Rc7+ Nd7 27. Qd3 Kf6
28. h4 Qe4 29. Bg5+ Ke5 30. Bf4+ Kf6 31. Bg5+ Ke5 32. Qf1 Kd6 33. Rc4 Qd5 34.
Qf2 Qxb5 35. Qd2+ 1-0

[Event "FIDE World Youth U16 Chess Olympiad SLOVAKIA 2016"]
[Site "Poprad Tatry SLOVAKIA"]
[Date "2016.07.23"]
[Round "3"]
[Board "4"]
[White "Joubert, Dantelle"]
[Black "Szmer, Aleksander"]
[Result "1/2-1/2"]
[WhiteElo "1453"]
[BlackElo "1808"]
[PlyCount "84"]
[EventDate "2016.07.22"]
[EventType "team"]
[EventRounds "9"]
[EventCountry "SVK"]
[WhiteTeam "South Africa 1"]
[BlackTeam "Poland 1"]

1. e4 c5 2. Nf3 a6 3. c3 d5 4. e5 Nc6 5. Be2 Bg4 6. d4 e6 7. b3 Bxf3 8. Bxf3
cxd4 9. cxd4 Qb6 10. Be3 Bb4+ 11. Kf1 Nh6 12. g4 Rc8 13. Qd3 Ng8 14. Kg2 h5 15.
gxh5 Nh6 16. Rd1 Qd8 17. Nd2 Qh4 18. Nf1 Ng4 19. h3 Nxe3+ 20. fxe3 g6 21. Ng3
gxh5 22. Kh2 Ba3 23. Qe2 Nb4 24. Nxh5 Nc2 25. Rac1 Bxc1 26. Rxc1 Kd7 27. Rxc2
Rxc2 28. Qxc2 Rc8 29. Qd2 Rc6 30. Nf6+ Kc8 31. Ne8 Kb8 32. Nf6 Ka7 33. Nh5 Rc8
34. Nf4 Qh7 35. Nd3 Qf5 36. Bg4 Qf1 37. Be2 Qf5 38. Bg4 Qe4 39. Be2 Rh8 40. Nf2
Qf5 41. Bg4 Qb1 42. Bd1 Qg6 1/2-1/2

[Event "FIDE World Youth U16 Chess Olympiad SLOVAKIA 2016"]
[Site "Poprad Tatry SLOVAKIA"]
[Date "2016.07.23"]
[Round "3"]
[Board "1"]
[White "Liu, Yan"]
[Black "Stefansson, Vignir Vatnar"]
[Result "1-0"]
[WhiteElo "2402"]
[BlackElo "2171"]
[PlyCount "133"]
[EventDate "2016.07.22"]
[EventType "team"]
[EventRounds "9"]
[EventCountry "SVK"]
[WhiteTeam "China 1"]
[BlackTeam "Iceland"]

1. Nf3 Nf6 2. g3 e6 3. Bg2 d5 4. O-O Be7 5. c4 O-O 6. b3 c5 7. Bb2 d4 8. e3 Nc6
9. exd4 cxd4 10. Re1 Re8 11. d3 Bc5 12. Ne5 Nxe5 13. Rxe5 Bd6 14. Re1 e5 15.
Na3 Bg4 16. Qd2 Qb6 17. Nc2 a5 18. Ba3 Bxa3 19. Nxa3 Bd7 20. Nc2 Bc6 21. Rab1
Bxg2 22. Kxg2 Qc6+ 23. f3 b5 24. Re2 bxc4 25. bxc4 Nd7 26. Rb5 Reb8 27. Rxb8+
Rxb8 28. Qxa5 Ra8 29. Qe1 f6 30. Nb4 Qa4 31. Nd5 Qa3 32. Rd2 Rb8 33. f4 Rb2 34.
Rxb2 Qxb2+ 35. Qf2 Qxf2+ 36. Kxf2 Nc5 37. Ke2 Kf7 38. f5 h5 39. h3 g6 40. g4
hxg4 41. hxg4 Kg7 42. Ne7 gxf5 43. Nxf5+ Kg6 44. Nd6 Na4 45. Ne4 f5 46. gxf5+
Kxf5 47. Kd2 Nb6 48. Nc5 Kf6 49. Kc2 Ke7 50. Kb3 Kd6 51. Kb4 Kc6 52. a4 Nc8 53.
Ne4 Nb6 54. Ng5 Nd7 55. Nf3 Kb6 56. c5+ Nxc5 57. a5+ Kc6 58. Nxe5+ Kd5 59. Kb5
Ne4 60. dxe4+ Kxe5 61. Kc4 Kxe4 62. a6 d3 63. a7 d2 64. a8=Q+ Ke3 65. Qd5 Ke2
66. Qe4+ Kf2 67. Qd3 1-0

[Event "FIDE World Youth U16 Chess Olympiad SLOVAKIA 2016"]
[Site "Poprad Tatry SLOVAKIA"]
[Date "2016.07.23"]
[Round "3"]
[Board "2"]
[White "Birkisson, Bardur Orn"]
[Black "Nie, Xinyang"]
[Result "0-1"]
[WhiteElo "2048"]
[BlackElo "2314"]
[PlyCount "34"]
[EventDate "2016.07.22"]
[EventType "team"]
[EventRounds "9"]
[EventCountry "SVK"]
[WhiteTeam "Iceland"]
[BlackTeam "China 1"]

1. d4 d5 2. Bf4 c6 3. Nf3 Nf6 4. e3 Bg4 5. c4 Bxf3 6. Qxf3 Qb6 7. Nd2 e5 8.
Bxe5 Bb4 9. Rd1 Ne4 10. Bd3 Nxd2 11. Rxd2 Bxd2+ 12. Kxd2 Qxb2+ 13. Bc2 Qb4+ 14.
Kd1 Nd7 15. Qg4 Nxe5 16. Qxg7 Nxc4 17. Qxh8+ Ke7 0-1

[Event "FIDE World Youth U16 Chess Olympiad SLOVAKIA 2016"]
[Site "Poprad Tatry SLOVAKIA"]
[Date "2016.07.23"]
[Round "3"]
[Board "3"]
[White "Chen, Qi B"]
[Black "Birkisson, Bjorn Holm"]
[Result "1-0"]
[WhiteElo "2210"]
[BlackElo "1977"]
[PlyCount "75"]
[EventDate "2016.07.22"]
[EventType "team"]
[EventRounds "9"]
[EventCountry "SVK"]
[WhiteTeam "China 1"]
[BlackTeam "Iceland"]

1. e4 c5 2. Nf3 d6 3. d4 cxd4 4. Nxd4 Nf6 5. Nc3 g6 6. Be3 Bg7 7. f3 O-O 8. Bc4
Nc6 9. Qd2 Bd7 10. Bb3 Rc8 11. O-O-O Nxd4 12. Bxd4 b5 13. h4 a5 14. h5 a4 15.
Bxf6 Bxf6 16. hxg6 axb3 17. Qh6 Bg5+ 18. Qxg5 fxg6 19. axb3 Rf7 20. Nd5 Be6 21.
Kb1 Bxd5 22. Rxd5 Qc7 23. Rc1 b4 24. Rb5 Qa7 25. Rxb4 Rc5 26. Qe3 e5 27. Ra4
Qb7 28. Qd3 d5 29. exd5 Rxd5 30. Qe3 Rfd7 31. Qe4 Qc7 32. Qc4 Qb7 33. Rb4 Qa8
34. Rd1 Kg7 35. Rxd5 Rxd5 36. Qc7+ Kf6 37. Ra4 Qd8 38. Qxh7 1-0

[Event "FIDE World Youth U16 Chess Olympiad SLOVAKIA 2016"]
[Site "Poprad Tatry SLOVAKIA"]
[Date "2016.07.23"]
[Round "3"]
[Board "4"]
[White "Heimisson, Hilmir Freyr"]
[Black "Song, Yuxin"]
[Result "1/2-1/2"]
[WhiteElo "1974"]
[BlackElo "1727"]
[PlyCount "143"]
[EventDate "2016.07.22"]
[EventType "team"]
[EventRounds "9"]
[EventCountry "SVK"]
[WhiteTeam "Iceland"]
[BlackTeam "China 1"]

1. d4 Nf6 2. c4 e6 3. Nc3 Bb4 4. Qc2 d5 5. e3 O-O 6. Nf3 b6 7. a3 Bxc3+ 8. Qxc3
Bb7 9. Be2 Nbd7 10. b4 c5 11. bxc5 bxc5 12. O-O Rc8 13. cxd5 Nxd5 14. Qb2 Rb8
15. Qd2 Qe7 16. a4 Qf6 17. Ba3 Rfc8 18. Rab1 cxd4 19. Nxd4 Nc3 20. Rb3 Nxe2+
21. Nxe2 Qg5 22. Ng3 Qd5 23. Qxd5 Bxd5 24. Rxb8 Rxb8 25. Rc1 Nb6 26. e4 Bb3 27.
a5 Nc4 28. Bc5 Rb5 29. Bxa7 Rxa5 30. Bd4 h6 31. h4 Ra8 32. Nh5 e5 33. Bc3 Rd8
34. f3 Rd1+ 35. Rxd1 Bxd1 36. Kf2 f6 37. Ke1 Bc2 38. Ng3 Ne3 39. Kd2 Nxg2 40.
Kxc2 Nxh4 41. f4 exf4 42. Nh5 Ng2 43. Kd3 Kf7 44. Ke2 Kg6 45. Kf3 Kxh5 46. Kxg2
Kg4 47. Bd2 h5 48. Bc1 h4 49. Bd2 h3+ 50. Kh2 Kf3 51. Kxh3 Kxe4 52. Kg2 g5 53.
Kf2 f5 54. Bb4 f3 55. Bd2 f4 56. Bc3 g4 57. Be1 g3+ 58. Kf1 Kd3 59. Bb4 Kd4 60.
Ba5 Ke4 61. Be1 Kf5 62. Kg1 Kg4 63. Bf2 Kh4 64. Bc5 Kh3 65. Bd4 Kg4 66. Bf2 Kf5
67. Be1 Ke5 68. Kf1 Kd4 69. Bd2 Ke5 70. Be1 Ke4 71. Bf2 Kd3 72. Bc5 1/2-1/2

[Event "FIDE World Youth U16 Chess Olympiad SLOVAKIA 2016"]
[Site "Poprad Tatry SLOVAKIA"]
[Date "2016.07.23"]
[Round "3"]
[Board "1"]
[White "Beukema, Jasper"]
[Black "Antova, Gabriela"]
[Result "1-0"]
[WhiteElo "2163"]
[BlackElo "2292"]
[PlyCount "85"]
[EventDate "2016.07.22"]
[EventType "team"]
[EventRounds "9"]
[EventCountry "SVK"]
[WhiteTeam "Belgium"]
[BlackTeam "Bulgaria"]

1. e4 c5 2. Be2 d6 3. f4 Nc6 4. Nf3 g6 5. O-O Bg7 6. c3 e5 7. d3 Nf6 8. Na3 O-O
9. fxe5 dxe5 10. Nc4 Qc7 11. Bg5 h6 12. Bh4 Nh5 13. Bf2 b6 14. Ne3 Be6 15. d4
exd4 16. Nd5 Bxd5 17. exd5 Ne7 18. cxd4 Nxd5 19. dxc5 Nhf4 20. cxb6 axb6 21.
Nd4 Nxe2+ 22. Qxe2 Rad8 23. Qf3 Be5 24. Kh1 Nb4 25. Rac1 Qa7 26. Nc6 Nxc6 27.
Rxc6 Qxa2 28. Bxb6 Rb8 29. b3 f6 30. Qe4 Rf7 31. Qc4 Kg7 32. Rd1 Re8 33. Rc8
Rxc8 34. Qxc8 Qxb3 35. Rd8 Rc7 36. Rd7+ Rxd7 37. Qxd7+ Qf7 38. Qd3 h5 39. Be3
Qc7 40. g3 h4 41. gxh4 Bxh2 42. Qe4 Be5 43. Qd5 1-0

[Event "FIDE World Youth U16 Chess Olympiad SLOVAKIA 2016"]
[Site "Poprad Tatry SLOVAKIA"]
[Date "2016.07.23"]
[Round "3"]
[Board "2"]
[White "Petkov, Matey"]
[Black "Huygebaert, Batist"]
[Result "1/2-1/2"]
[WhiteElo "2117"]
[BlackElo "1850"]
[PlyCount "155"]
[EventDate "2016.07.22"]
[EventType "team"]
[EventRounds "9"]
[EventCountry "SVK"]
[WhiteTeam "Bulgaria"]
[BlackTeam "Belgium"]

1. d4 d5 2. Bg5 Nf6 3. Bxf6 gxf6 4. e3 Bf5 5. c4 c6 6. Nc3 e6 7. Nf3 Nd7 8. Nh4
Bg6 9. f4 Bd6 10. cxd5 cxd5 11. f5 exf5 12. Nxd5 Qa5+ 13. Nc3 Bb4 14. Qb3 Rc8
15. Rc1 O-O 16. Kf2 Rfe8 17. Bb5 Bxc3 18. Bxd7 Rxe3 19. Qd1 Re4 20. bxc3 Rd8
21. Nf3 Rxd7 22. Qd2 Rde7 23. Rhe1 Bh5 24. Ra1 Qb5 25. Rab1 Qa5 26. Rbd1 Kg7
27. Rc1 Kg8 28. Qb2 Kg7 29. Ra1 Kg8 30. Rac1 Kg7 31. Red1 b6 32. a3 Qa6 33. c4
Qa4 34. Rd2 Re3 35. d5 f4 36. Qb4 Qxa3 37. Qxa3 Rxa3 38. Nd4 Kf8 39. Nc6 Rd7
40. d6 Bg6 41. Re1 Rd3 42. Rxd3 Bxd3 43. Rd1 Bxc4 44. Nxa7 f5 45. Nc8 b5 46.
Kf3 Rd8 47. Na7 Kg7 48. Kxf4 Kf6 49. Nc6 Rd7 50. Ne5 Rd8 51. Nc6 Rd7 52. Nb8
Rd8 53. d7 Be6 54. Rd4 b4 55. Nc6 Rxd7 56. Rxd7 Bxd7 57. Nxb4 Be6 58. g3 Kg6
59. Nc6 Kf6 60. Nd4 Kg6 61. Ke5 Kg5 62. h3 Bc8 63. Nf3+ Kg6 64. Kf4 Be6 65.
Nh4+ Kf6 66. Ng2 Kg6 67. h4 Bc8 68. Ke5 Bd7 69. Nf4+ Kg7 70. Kd6 Bc8 71. Ke7
Ba6 72. Nh3 Bc4 73. Nf4 Ba6 74. h5 Bc4 75. Ke8 Bb3 76. Ke7 Bc4 77. Ke8 Bb3 78.
Ke7 1/2-1/2

[Event "FIDE World Youth U16 Chess Olympiad SLOVAKIA 2016"]
[Site "Poprad Tatry SLOVAKIA"]
[Date "2016.07.23"]
[Round "3"]
[Board "3"]
[White "Huttl, Sofie"]
[Black "Yordanov, Lachezar"]
[Result "1/2-1/2"]
[WhiteElo "1727"]
[BlackElo "2139"]
[PlyCount "87"]
[EventDate "2016.07.22"]
[EventType "team"]
[EventRounds "9"]
[EventCountry "SVK"]
[WhiteTeam "Belgium"]
[BlackTeam "Bulgaria"]

1. e4 d6 2. d4 Nf6 3. Nc3 g6 4. Bc4 Bg7 5. Nf3 O-O 6. h3 Nxe4 7. Nxe4 d5 8.
Bxd5 Qxd5 9. Nc3 Qd8 10. O-O b6 11. Re1 Bb7 12. Be3 Nd7 13. Qe2 e6 14. Rad1 Nf6
15. Bg5 h6 16. Bh4 Qc8 17. Bg3 a6 18. Ne5 Rd8 19. Qc4 b5 20. Qb3 c5 21. dxc5
Rxd1 22. Nxd1 Ne4 23. c6 Bxc6 24. Qf3 Bxe5 25. Bxe5 f5 26. Qe3 Kh7 27. f3 Ng5
28. Bf4 Bxf3 29. gxf3 Nxh3+ 30. Kh2 Nxf4 31. Qxf4 Qxc2+ 32. Kh1 Qc6 33. Re3 Rd8
34. Nc3 Qd6 35. Qe5 b4 36. Qf6 e5 37. Qf7+ Kh8 38. Nd5 Qxd5 39. Qf6+ Kh7 40.
Qe7+ Kg8 41. Rd3 Qxd3 42. Qe6+ Kf8 43. Qf6+ Ke8 44. Qe6+ 1/2-1/2